Código de procedimientos civiles del Estado de Veracruz - Llave (Record no. 27775)
[ view plain ]
| 000 -LEADER | |
|---|---|
| fixed length control field | 00999nam a22001937a 4500 |
| 005 - DATE AND TIME OF LATEST TRANSACTION | |
| control field | 20251017081605.0 |
| 008 - FIXED-LENGTH DATA ELEMENTS--GENERAL INFORMATION | |
| fixed length control field | 111206t mx ||||| |||| 00| 0 sp d |
| 020 ## - INTERNATIONAL STANDARD BOOK NUMBER | |
| International Standard Book Number | 9684010923 |
| 050 04 - LIBRARY OF CONGRESS CALL NUMBER | |
| Classification number | KGF9132 |
| Item number | A28 1985 |
| 100 1# - MAIN ENTRY--PERSONAL NAME | |
| Personal name | Porte Petit Candaupap, Celestino |
| 240 00 - UNIFORM TITLE | |
| Uniform title | Leyes y códigos |
| 245 10 - TITLE STATEMENT | |
| Title | Código de procedimientos civiles del Estado de Veracruz - Llave |
| Remainder of title | : concordado con el código procesal civil del Distrito Federal, Código Federal de procedimientos civiles, Código de comercio y con los códigos de los Estados de la República Mexicana, conteniendo tesis de la Suprema Corte de Justicia de la Nación y del Tribunal Superior de Justicia del Distrito Federal |
| Statement of responsibility, etc | / Celestino Porte Petit Candaudap |
| 250 ## - EDITION STATEMENT | |
| Edition statement | 3a ed. |
| 260 ## - PUBLICATION, DISTRIBUTION, ETC. (IMPRINT) | |
| Place of publication, distribution, etc | México : |
| Name of publisher, distributor, etc | Cardenas Editor y Distribuidor, |
| Date of publication, distribution, etc | 1985 |
| 300 ## - PHYSICAL DESCRIPTION | |
| Extent | 700 p. |
| Dimensions | 24 cm. |
| 651 #7 - SUBJECT ADDED ENTRY--GEOGRAPHIC NAME | |
| Source of heading or term | lemb |
| Geographic name | Veracruz (México) |
| General subdivision | Procedimiento civil |
| Form subdivision | Legislación |
| 651 #4 - SUBJECT ADDED ENTRY--GEOGRAPHIC NAME | |
| Geographic name | Veracruz, México |
| General subdivision | Código de procedimientos civiles |
| 942 ## - ADDED ENTRY ELEMENTS (KOHA) | |
| Source of classification or shelving scheme | Biblioteca del Cogreso de los Estados Unidos |
| Koha item type | Libro |
| Estado de pérdida | Fuente de clasificación | Estado del daño | No para préstamo | Ubicación permanente | Ubicación actual | Apartado o colección | Fecha de adquisición | Edición | Enumeración de Serie / Cronológica | Área del conocimiento | Clasificación | Código de Barras | Date last seen | Número de copia | Costo por reposición | Tipo de recurso |
|---|---|---|---|---|---|---|---|---|---|---|---|---|---|---|---|---|
| Clasificación Decimal Dewey | Biblioteca de la Facultad de Derecho y Ciencias Sociales "Felipe J. Tena" | Biblioteca de la Facultad de Derecho y Ciencias Sociales "Felipe J. Tena" | Consulta | 06/12/2011 | 3a ed. | T:1 | Ciencias Sociales y Administrativas | KGF9132 A28 1985 | BFD000002539 | 16/01/2015 | 1 | 1.00 | Libro | |||
| Biblioteca del Cogreso de los Estados Unidos | Biblioteca de la Facultad de Derecho y Ciencias Sociales "Felipe J. Tena" | Biblioteca de la Facultad de Derecho y Ciencias Sociales "Felipe J. Tena" | Consulta | 06/12/2011 | 3a ed. | T:1 | Ciencias Sociales y Administrativas | KGF9132 A28 1985 | BFD000002540 | 06/12/2011 | 2 | 1.00 | Libro | |||
| Biblioteca del Cogreso de los Estados Unidos | Biblioteca de la Facultad de Derecho y Ciencias Sociales "Felipe J. Tena" | Biblioteca de la Facultad de Derecho y Ciencias Sociales "Felipe J. Tena" | Consulta | 06/12/2011 | 3a ed. | T:2 | Ciencias Sociales y Administrativas | KGF9132 A28 1985 | BFD000002541 | 16/01/2015 | 1 | 1.00 | Libro | |||
| Biblioteca del Cogreso de los Estados Unidos | Biblioteca de la Facultad de Derecho y Ciencias Sociales "Felipe J. Tena" | Biblioteca de la Facultad de Derecho y Ciencias Sociales "Felipe J. Tena" | Consulta | 06/12/2011 | 3a ed. | T:2 | Ciencias Sociales y Administrativas | KGF9132 A28 1985 | BFD000002542 | 16/01/2015 | 2 | 1.00 | Libro |